Südlichste Länder A-Z - Statistiken

Allgemein
  • Dieses Quiz wurde 20.575 mal gespielt
    19.075 seit der letzten Aktualisierung
  • Das Durchschnittsergebnis liegt bei 13 aus 22
Antwortstatistiken
Land % Korrekt
A Argentinien
96%
C Chile
92%
S Südafrika
82%
N Neuseeland
78%
B Brasilien
72%
U Uruguay
69%
F Fidschi
61%
E Eswatini
60%
I Indonesien
60%
L Lesotho
60%
V Vanuatu
59%
P Paraguay
58%
J Jemen
48%
O Osttimor
48%
H Honduras
47%
Z Zentralafrikanische Republik
47%
T Tonga
46%
D D. R. Kongo
45%
M Mosambik
42%
R Rep. Kongo
41%
G Gabun
29%
K Komoren
26%
Keine übereinstimmenden Quizze gefunden
Verteilung der Resultate
Anzahl Personen mit jedem Resultat
Perzentil nach korrekt beantworteten Fragen
Ihre Resultats-Entwicklung
Sie haben dieses Quiz seit der letzten Aktualisierung nicht gespielt